[Event "Fouesnant op 13th"]
[Site "Fouesnant"]
[Date "2007.10.27"]
[Round "1"]
[White "Marouani, Selim"]
[Black "Le Moy, Patrick"]
[Result "1-0"]
[WhiteElo "1340"]
[BlackElo "1867"]
[PlyCount "39"]
[EventDate "2007.10.27"]
[EventType "swiss"]
[EventRounds "9"]
[EventCountry "FRA"]
[SourceTitle "EXT 2008"]
[Source "ChessBase"]
[SourceDate "2007.11.25"]
[SourceVersion "1"]
[SourceVersionDate "2007.11.25"]
[SourceQuality "1"]

1. e4 c5 2. Nf3 d6 3. d4 cxd4 4. Qxd4 Nc6 5. Qa4 Bd7 6. Bb5 a6 7. Be2 Nf6 8. Be3 b5 9. Qb3 Nxe4 10. Nbd2 Nxd2 11. Bxd2 e5 12. Ng5 Qf6 13. 0-0 Nd4 14. Qd3 Nxe2+ 15. Qxe2 h6 16. Qh5 g6 17. Ne4 Qe6 18. Qf3 0-0-0 19. Ba5 Bg7 20. Qc3+ 1-0